000 01612nam a2200397 i 4500
999 _c5256
_d5256
001 on1018073325
003 OCoLC
005 20250828154306.0
008 181001s2018 nyua j 6 000 1 eng d
020 _a9781338888287
040 _aYDX
_beng
_erda
_cYDX
_dWIM
_dOCLCO
_dOCLCQ
_dOCLCF
_dOQX
_dUAP
_dCaOL
_dKH8
082 _aFIC GAL
100 1 _aGalligan, Gale,
_eauthor,
_eartist.
245 1 0 _aThe baby-sitters club:
_bKristy's big day /
_ca graphic novel by Gale Galligan ; with color by Braden Lamb.
264 1 _aNew York :
_bGraphix, an imprint of Scholastic,
_c2023.
300 _a148 pages :
_bcolour illustrations ;
_c21 cm.
336 _atext
_btxt
_2rdacontent.
336 _astill image
_bsti
_2rdacontent.
337 _aunmediated
_bn
_2rdamedia.
338 _avolume
_bnc
_2rdacarrier.
490 1 _aBaby-sitters Club (Graphix (Firm)) ;
_v6.
500 _aBased on the novel by Ann M. Martin.
500 _aAt head of title: Baby-sitters club.
520 _aKristy's mom is getting married, and Kristy is going to be a bridesmaid! The only problem? Fourteen kids are coming to town for the wedding!
650 0 _aBabysitters Club (Imaginary organization)
_vJuvenile fiction.
650 0 _aBabysitters
_vJuvenile fiction.
650 0 _aClubs
_vJuvenile fiction.
650 0 _aGirls
_vJuvenile fiction.
650 0 _aWeddings
_vJuvenile fiction.
650 7 _aComics (Graphic works)
_2genre.
650 7 _aGraphic novels.
_2genre.
700 1 _aMartin, Ann M.,
_d1955-
_ecreator.
700 1 _aLamb, Braden,
_ecolourist.
830 0 _aBaby-sitters Club (Graphix (Firm)) ;
_v6.
942 _2ddc
_cGN